000 00309nam a2200133Ia 4500
999 _c14197
_d14197
008 260210s9999 xx 000 0 und d
020 _a9781259853357
082 _a363.7
100 _aEaston
245 0 _aEnvironmental Issues
250 _a17th Ed
260 _bMcGraw-Hill Education
942 _cBPLAN
_2ddc